[Event "Copenhagen op16"]
[Site "Copenhagen"]
[Date "1994.??.??"]
[Round "3"]
[White "Jakobsen, Ole"]
[Black "Nielsen, Peter Heine"]
[Result "1-0"]
[WhiteElo "2375"]
[BlackElo "2475"]

1.d4 Nf6 2.c4 e6 3.Nf3 b6 4.g3 Bb4+ 5.Bd2 Be7 6.Bg2 Bb7 7.Nc3 c6 8.e4 d5
9.e5 Ne4 10.cxd5 cxd5 11.O-O O-O 12.Re1 Nxc3 13.Bxc3 a5 14.Bd2 Ba6 15.h4 Nc6
16.a3 Qd7 17.h5 Rfc8 18.h6 g6 19.Bg5 Bxg5 20.Nxg5 a4 21.Nf3 Na5 22.Nd2 Bb5
23.Qf3 Qd8 24.Rac1 Qg5 25.Qe3 Qxe3 26.fxe3 Nc6 27.g4 Ne7 28.Bf1 Be8 29.Kf2 Kf8
30.Bd3 Ng8 31.g5 Ne7 32.Nf3 Bd7 33.Nh2 Ng8 34.Ng4 Ke7 35.Ke2 Kd8 36.Rxc8+ Rxc8
37.Kd2 Ra8 38.Rc1 Ra5 39.Rf1 Ke7 40.Rc1 Kd8 41.Rf1 Ke7 42.Nf6 Nxf6 43.gxf6+ Ke8
44.Rc1 Kd8 45.Kc3 Bb5 46.Bc2 Be2 47.e4 Bf3 48.exd5 Bxd5 49.Kb4 Bc6 50.Bd3 Kd7
51.Bc4 Ra8 52.Bb5 Bxb5 53.Kxb5 Rc8 54.Rxc8 Kxc8 55.d5 Kd7 56.d6 Kd8 57.Kxb6 Kd7
58.Kc5 Kd8 59.Kc4  1-0

[Event "Copenhagen op16"]
[Site "Copenhagen"]
[Date "1994.??.??"]
[Round "8"]
[White "Emms, John M"]
[Black "Nielsen, Peter Heine"]
[Result "1/2-1/2"]
[WhiteElo "2525"]
[BlackElo "2475"]

1.e4 c6 2.d4 d5 3.Nd2 dxe4 4.Nxe4 Bf5 5.Ng3 Bg6 6.h4 h6 7.Nf3 Nd7 8.h5 Bh7
9.Bd3 Bxd3 10.Qxd3 e6 11.Bf4 Bb4+ 12.c3 Be7 13.O-O-O Ngf6 14.Ne5 O-O 15.Qe2 a5
16.Rhe1 a4 17.Ng6 Nd5 18.Nxe7+ Qxe7 19.Bd2 b5 20.Kb1 Rfb8 21.Ne4 c5 22.g4 cxd4  1/2-1/2

[Event "DEN-chT 9495"]
[Site "?"]
[Date "1994.??.??"]
[Round "2"]
[White "Schandorff, Lars"]
[Black "Nielsen, Peter Heine"]
[Result "1/2-1/2"]
[WhiteElo "2430"]
[BlackElo "2475"]

1.e4 e5 2.Nf3 Nc6 3.Bc4 Nf6 4.d4 exd4 5.e5 Ne4 6.Qe2 Nc5 7.O-O Ne6 8.Bxe6 dxe6
9.Rd1 Be7 10.c3 O-O 11.Nxd4 Nxd4 12.Rxd4 Qe8 13.Nd2 Kh8 14.Nf3 Bd7 15.Ng5 Bc6
16.Bf4 Bxg5 17.Bxg5 f5 18.Rad1 Qg6  1/2-1/2

[Event "Gausdal Int"]
[Site "Gausdal"]
[Date "1994.??.??"]
[Round "1"]
[White "Nordahl, Helge"]
[Black "Nielsen, Peter Heine"]
[Result "0-1"]
[WhiteElo "2245"]
[BlackElo "2485"]

1.d4 Nf6 2.c4 g6 3.Nc3 Bg7 4.e4 d6 5.f4 O-O 6.Nf3 a6 7.Be2 c5 8.dxc5 Qa5
9.O-O Qxc5+ 10.Kh1 Bg4 11.Qd3 Nbd7 12.Be3 Qa5 13.Bd4 Rac8 14.e5 Bxf3 15.Bxf3 dxe5
16.fxe5 Nxe5 17.Bxe5 Qxe5 18.Bxb7 Rb8 19.Rae1 Qc7 20.Bxa6 Rxb2 21.Re2 Rxe2
22.Qxe2 Qa5 23.Nd5 Qxa6 24.Nxe7+ Kh8 25.Qf3 Qxc4  0-1

[Event "Peer Gynt"]
[Site "Gausdal"]
[Date "1994.??.??"]
[Round "1"]
[White "Nielsen, Peter Heine"]
[Black "Nordahl, Helge"]
[Result "1-0"]
[WhiteElo "2485"]
[BlackElo "2245"]

1.e4 c5 2.Nf3 d6 3.d4 cxd4 4.Nxd4 Nf6 5.Nc3 a6 6.Be2 e5 7.Nb3 Be7 8.O-O O-O
9.Be3 Be6 10.Qd2 b5 11.a4 b4 12.Nd5 Nxe4 13.Nxe7+ Qxe7 14.Qxb4 Nf6 15.Na5 Nd5
16.Qb7 Nd7 17.Nc6 Qf6 18.Bc4 Nxe3 19.fxe3 Qh6 20.Bxe6 Qxe6 21.Qb3 Rfe8 22.Qxe6 Rxe6
23.a5 d5 24.Nb4 Rb8 25.c3 Rd6 26.Rfd1 Nf6 27.Ra4 Rbd8 28.Nd3 e4 29.Nc5 Re8
30.Rb4 Rc6 31.Nb3 h6 32.h3 Kf8 33.Nd4 Rd6 34.Ra1 Nd7 35.Rb7 Nc5 36.Ra7 Nd3
37.Rf1 f6 38.Nf5 Rc6 39.Rxg7 Rb8 40.Rd7 Rxb2 41.Nd4 Ke8 42.Rxd5 Rxc3 43.Rxf6 Rc1+
44.Kh2 Ne1 45.Re6+ Kf7 46.Rd7+ Kf8 47.Rf6+ Ke8 48.Rg7 Nf3+ 49.Nxf3 exf3 50.Rxf3 Rc5
51.Rf6  1-0

[Event "Gausdal Int"]
[Site "Gausdal"]
[Date "1994.??.??"]
[Round "3"]
[White "Schmittdiel, Eckhard"]
[Black "Nielsen, Peter Heine"]
[Result "1/2-1/2"]
[WhiteElo "2495"]
[BlackElo "2485"]

1.e4 c6 2.c4 e5 3.Nf3 d6 4.d4 Nd7 5.Nc3 Ngf6 6.Be2 Be7 7.O-O O-O 8.Be3 Ng4
9.Bd2 a6 10.d5 Ngf6 11.b4 cxd5 12.cxd5 Nb6 13.Qb3 Bg4 14.Rfc1 Nh5 15.Rc2 Nf4
16.a4 Rc8 17.a5 Nxe2+ 18.Nxe2 Na8 19.Rxc8 Qxc8 20.Rc1 Qd7 21.h3 Bxf3 22.Qxf3 Rc8
23.Rxc8+ Qxc8 24.Qd3 Nc7 25.Qc4  1/2-1/2

[Event "Peer Gynt"]
[Site "Gausdal"]
[Date "1994.??.??"]
[Round "4"]
[White "Royset, Paal"]
[Black "Nielsen, Peter Heine"]
[Result "0-1"]
[WhiteElo "2225"]
[BlackElo "2485"]

1.e4 c5 2.c3 e6 3.d4 d5 4.exd5 exd5 5.Nf3 Nc6 6.Be3 cxd4 7.Bxd4 Nxd4 8.Nxd4 a6
9.Na3 Nf6 10.Be2 Bd6 11.O-O O-O 12.Nac2 Qc7 13.g3 Qb6 14.Qd3 Bd7 15.Bf3 Rac8
16.Rab1 Bc5 17.Rfd1 Rfe8 18.Ne3 Be6 19.Qf1 Rc7 20.Qg2 Bxd4 21.cxd4 Qa5 22.a3 Rec8
23.Qf1 Qb6 24.Qd3 g6 25.Qd2 Kg7 26.Kg2 h5 27.h4 Rc6 28.Kh2 Qc7 29.Kg2 b5
30.Ra1 a5 31.Qd3 Qb7 32.Qb3 Rb8 33.Rdc1 Qc7 34.Rxc6 Qxc6 35.Rd1 b4 36.axb4 Rxb4
37.Qa3 Qb6 38.Ra1 Rxb2 39.Qxa5 Qxd4 40.Ra3 Ne4 41.Ra2 Nxf2 42.Nc2 Nh3  0-1

[Event "Gausdal Int"]
[Site "Gausdal"]
[Date "1994.??.??"]
[Round "5"]
[White "Beshukov, Sergei"]
[Black "Nielsen, Peter Heine"]
[Result "1/2-1/2"]
[WhiteElo "2495"]
[BlackElo "2485"]

1.e4 c5 2.Nf3 Nc6 3.d4 cxd4 4.Nxd4 g6 5.c4 Bg7 6.Be3 Nf6 7.Nc3 O-O 8.Be2 d6
9.O-O Bd7 10.Rc1 Nxd4 11.Bxd4 Bc6 12.f3 a5 13.b3 Nd7 14.Bxg7 Kxg7 15.Qd4+  1/2-1/2

[Event "Peer Gynt"]
[Site "Gausdal"]
[Date "1994.??.??"]
[Round "5"]
[White "Nielsen, Peter Heine"]
[Black "Luther, Thomas"]
[Result "1/2-1/2"]
[WhiteElo "2485"]
[BlackElo "2510"]

1.c4 e6 2.g3 d5 3.Bg2 Nf6 4.Nf3 dxc4 5.Qa4+ c6 6.Qxc4 b5 7.Qb3 Bb7 8.O-O Nbd7
9.d4 Be7 10.Bg5 a6 11.Nc3  1/2-1/2

[Event "Gausdal Int"]
[Site "Gausdal"]
[Date "1994.??.??"]
[Round "6"]
[White "Nielsen, Peter Heine"]
[Black "Ogaard, Leif"]
[Result "1/2-1/2"]
[WhiteElo "2485"]
[BlackElo "2420"]

1.e4 c5 2.Nf3 e6 3.Nc3 a6 4.g3 Nc6 5.Bg2 d6 6.O-O Nf6 7.Re1 e5 8.Nd5 Be7
9.c3 O-O 10.h3 Nxd5 11.exd5 Na7 12.d4 exd4 13.cxd4 cxd4 14.Nxd4 Bf6 15.Be3 Nb5
16.Qd2 Nxd4 17.Bxd4 Bd7 18.Rac1 Bxd4 19.Qxd4 Rc8 20.Qb4 Rxc1 21.Rxc1 Bc8
22.Qc3 g6 23.Qc7 Qf6 24.Rc3 Qe5 25.Kh2 h5 26.h4 Qf6 27.Kg1 Qe5 28.Qb6 Qe1+
29.Kh2 Bf5 30.Rc7 Bc8 31.Qd4 Qa5 32.Qc4 b5 33.Qc6 Bf5 34.Qxd6 Qxa2 35.Qe5 Qa5
36.d6 Qd2 37.Qc5 Be6 38.b4 Rd8 39.Rc6 Qa2 40.d7 Kh7 41.Rc8 Rxd7 42.Qe5 f6
43.Qxf6 Rg7 44.Rc6 Bf5 45.Rxa6 Qxf2 46.Ra8 Qd2 47.Rd8 Qxb4 48.Rb8 Qe7 49.Qxe7  1/2-1/2

[Event "Peer Gynt"]
[Site "Gausdal"]
[Date "1994.??.??"]
[Round "9"]
[White "Nielsen, Peter Heine"]
[Black "Hagesaether, Paal Vegard"]
[Result "1-0"]
[WhiteElo "2485"]
[BlackElo "2130"]

1.e4 c5 2.Nf3 d6 3.d4 cxd4 4.Nxd4 Nf6 5.Nc3 a6 6.Be2 e5 7.Nb3 Be7 8.O-O O-O
9.Be3 Be6 10.Qd2 Nbd7 11.a4 Rc8 12.a5 Re8 13.Rfc1 h6 14.Ra4 Bf8 15.Nd5 Bxd5
16.exd5 Nc5 17.Rb4 Qc7 18.c4 Nfe4 19.Qc2 Nf6 20.Qd1 Rb8 21.Ra1 Nfd7 22.Bg4 g6
23.Nxc5 Nxc5 24.Rb6 f5 25.Bxc5 Qxc5 26.Be2 Qc7 27.Rc1 Kh7 28.b4 Red8 29.Qb3 Rd7
30.Qg3 Rg7 31.Kh1 Rc8 32.Qb3 Qd7 33.b5 axb5 34.Rxb5 Rc7 35.Rb1 Rf7 36.Rb6 Qd8
37.c5 dxc5 38.d6 Bxd6 39.Rd1 Qh4 40.Bc4 Rg7 41.g3 Qh5 42.Rbxd6 e4 43.Qe3 Rge7
44.Be2 Qh3 45.Rd8 g5 46.Qc3 Rg7 47.Rf8 f4 48.Rdd8 Qe6 49.Bh5  1-0

[Event "Gausdal Int"]
[Site "Gausdal"]
[Date "1994.??.??"]
[Round "9"]
[White "Nielsen, Peter Heine"]
[Black "Davies, Nigel R"]
[Result "1/2-1/2"]
[WhiteElo "2485"]
[BlackElo "2510"]

1.e4 e5 2.Nf3 Nc6 3.Bb5 a6 4.Bxc6 dxc6 5.O-O f6 6.d4 exd4 7.Nxd4 c5 8.Ne2 Qxd1
9.Rxd1 Bd7 10.Nbc3 O-O-O 11.Bf4 Ne7 12.Bg3 Ng6 13.Nd5 Ne5 14.Bxe5 fxe5 15.Rd2 c4
16.Rad1  1/2-1/2

[Event "Minsk"]
[Site "Minsk"]
[Date "1994.??.??"]
[Round "4"]
[White "Nielsen, Peter Heine"]
[Black "Luther, Thomas"]
[Result "1/2-1/2"]
[WhiteElo "2475"]
[BlackElo "2515"]

1.Nf3 d5 2.d4 e6 3.c4 c6 4.Qc2 Nf6 5.Bg5 Nbd7 6.cxd5 cxd5 7.Nc3 Be7 8.e3 a6
9.Bd3 b5 10.O-O Bb7 11.a4 b4 12.Nb1 a5 13.Qe2 h6 14.Bh4 Ne4 15.Bxe7 Kxe7
16.Nbd2 Qb6 17.Bb5 Nxd2 18.Nxd2 Ba6 19.Bxa6 Qxa6 20.Qxa6 Rxa6 21.Rfc1 Kd6
22.Rc2 Rc6 23.Rxc6+ Kxc6 24.Rc1+ Kd6 25.b3 Ra8 26.f3  1/2-1/2

[Event "Minsk"]
[Site "Minsk"]
[Date "1994.??.??"]
[Round "5"]
[White "Malisauskas, Vidmantas"]
[Black "Nielsen, Peter Heine"]
[Result "1/2-1/2"]
[WhiteElo "2525"]
[BlackElo "2475"]

1.e4 d6 2.d4 Nf6 3.f3 g6 4.Be3 Bg7 5.c4 O-O 6.Nc3 c5 7.Nge2 cxd4 8.Nxd4 Nc6
9.Be2 Bd7 10.Qd2 a5 11.Ndb5 a4 12.O-O Qa5 13.Rfc1 Rfc8 14.Rab1 Ne5 15.b3 axb3
16.axb3 Bxb5 17.b4 Qd8 18.Nxb5 Nc6 19.Bf1 Ra4 20.Rd1 Rca8 21.c5 dxc5 22.Qxd8+ Rxd8
23.Rxd8+ Nxd8 24.Bxc5 Nc6 25.Nc3 Ra8 26.Nd5 Nxd5 27.exd5 Bd4+ 28.Kh1 Bxc5
29.bxc5 Nd8 30.Kg1 Rc8 31.Rb5 e6 32.d6 e5 33.Bc4 b6 34.d7 Rxc5 35.Rxb6 Rxc4
36.Rb8 Kg7 37.Rxd8 Rd4 38.Re8 Rxd7 39.Rxe5  1/2-1/2

[Event "Minsk"]
[Site "Minsk"]
[Date "1994.??.??"]
[Round "8"]
[White "Nielsen, Peter Heine"]
[Black "Ryskin, Alexander"]
[Result "1/2-1/2"]
[WhiteElo "2475"]
[BlackElo "2500"]

1.Nf3 Nf6 2.c4 g6 3.Nc3 Bg7 4.g3 O-O 5.Bg2 d6 6.O-O e5 7.d3 Re8 8.Rb1 Nc6
9.Bg5 Ne7 10.Qc1 a5 11.a3 a4 12.Rd1 Bd7 13.d4 exd4 14.Nxd4 Qc8 15.Ndb5 Be6
16.c5 dxc5 17.Qf4 Nf5 18.Bxf6 Bxf6 19.e4 Bb3 20.exf5 Bxd1 21.Rxd1 Be5 22.Qc4 c6
23.fxg6 hxg6 24.Nd6 Bxd6 25.Rxd6 Re1+ 26.Bf1 Qf5 27.Kg2 b5 28.Qh4 Kg7 29.Rd8 Rxd8
30.Qxd8 Qe5 31.Qd2 b4 32.axb4 cxb4 33.Nxa4 Rxf1 34.Kxf1 Qb5+ 35.Kg2 Qxa4
36.Qd4+ Kg8 37.Qd8+  1/2-1/2

[Event "Copenhagen BSF"]
[Site "Copenhagen"]
[Date "1995.??.??"]
[Round "1"]
[White "Hector, Jonny"]
[Black "Nielsen, Peter Heine"]
[Result "1-0"]
[WhiteElo "2540"]
[BlackElo "2500"]

1.e4 e5 2.f4 exf4 3.Nf3 g5 4.h4 g4 5.Ne5 d6 6.Nxg4 Nf6 7.Nxf6+ Qxf6 8.Nc3 Nc6
9.d4 Qxd4 10.Qf3 Bh6 11.Nd5 Nb4 12.Nxb4 Qxb4+ 13.c3 Qc5 14.g3 Rg8 15.gxf4 Bg4
16.Qf2 Qc6 17.Bg2 Bf5 18.Qf3 Kf8 19.Rh2 Bxe4 20.Qh5 d5 21.Bxe4 dxe4 22.Be3 Rg3
23.Re2 Re8 24.Rd1 Qf6 25.Rd5 Qg6 26.Kd1 Qxh5 27.Rxh5 Rg6 28.Bc5+ Kg8 29.f5 Re5
30.Bd4 Rd5 31.Rxe4 Rg1+ 32.Ke2 Rg2+ 33.Kf3  1-0

[Event "Copenhagen op17"]
[Site "Copenhagen"]
[Date "1995.??.??"]
[Round "2"]
[White "Brinck Claussen, Bjorn"]
[Black "Nielsen, Peter Heine"]
[Result "1-0"]
[WhiteElo "2355"]
[BlackElo "2500"]

1.e4 e5 2.Nf3 Nc6 3.Bb5 a6 4.Ba4 Nf6 5.O-O Nxe4 6.d4 b5 7.Bb3 d5 8.dxe5 Be6
9.Be3 Bc5 10.Qe2 Qe7 11.Rd1 Rd8 12.Nbd2 Bxe3 13.Qxe3 Nc5 14.c3 Bg4 15.Re1 Ne6
16.Nf1 O-O 17.Ng3 Qc5 18.Qxc5 Nxc5 19.Nd4 Nxd4 20.cxd4 Nd3 21.Reb1 c5 22.h3 Be6
23.dxc5 Nxc5 24.Bc2 d4 25.b4 d3 26.bxc5 dxc2 27.Rc1 Rd2 28.Nf1 Rfd8 29.c6 Re2
30.Ng3 Red2 31.Nf1 Rd1 32.c7 R8d2 33.g4 g5 34.Kg2 Rd3 35.Ne3 Rxe3 36.fxe3 Rd2+
37.Kf3 b4 38.e4 Bc8 39.Ke3 Rh2 40.Rh1 Rg2 41.Rag1  1-0

[Event "Copenhagen op17"]
[Site "Copenhagen"]
[Date "1995.??.??"]
[Round "4"]
[White "Rewitz, Poul"]
[Black "Nielsen, Peter Heine"]
[Result "1/2-1/2"]
[WhiteElo "2325"]
[BlackElo "2500"]

1.e4 e5 2.Nf3 Nc6 3.d4 exd4 4.Nxd4 Nf6 5.Nxc6 bxc6 6.e5 Qe7 7.Qe2 Nd5 8.c4 Ba6
9.b3 Qh4 10.a3 Bc5 11.g3 Bxf2+ 12.Qxf2 Qe4+ 13.Kd1 Qxh1 14.Nd2 O-O  1/2-1/2

[Event "Copenhagen BSF"]
[Site "Copenhagen"]
[Date "1995.??.??"]
[Round "5"]
[White "Nielsen, Peter Heine"]
[Black "Glek, Igor V"]
[Result "1/2-1/2"]
[WhiteElo "2500"]
[BlackElo "2590"]

1.d4 Nf6 2.Nf3 g6 3.g3 Bg7 4.Bg2 O-O 5.c4 c6 6.Nc3 d5 7.cxd5 cxd5 8.Ne5 Nc6
9.O-O Bd7 10.Bg5 Be8 11.Qd2 e6 12.Ng4 h5 13.Nxf6+ Bxf6 14.Bxf6 Qxf6 15.Rfd1 Ne7
16.e4 Bc6 17.e5 Qg7 18.Ne2 Rfc8 19.Nf4 Rc7 20.Rac1 Rac8 21.Rc3 Bd7 22.Rdc1 Rxc3
23.Rxc3 Qf8 24.Bf1 Rxc3 25.Qxc3 Qc8 26.Qxc8+ Bxc8 27.Bd3 Nc6 28.Ne2 Nb4 29.Bb1 b6
30.a3 Ba6 31.axb4 Bxe2  1/2-1/2

[Event "Copenhagen BSF"]
[Site "Copenhagen"]
[Date "1995.??.??"]
[Round "6"]
[White "Hansen, Curt"]
[Black "Nielsen, Peter Heine"]
[Result "1-0"]
[WhiteElo "2630"]
[BlackElo "2500"]

1.c4 g6 2.e4 c5 3.Nf3 Nc6 4.d4 cxd4 5.Nxd4 Bg7 6.Be3 Nf6 7.Nc3 O-O 8.Be2 d6
9.O-O Re8 10.Qd2 Ng4 11.Bxg4 Bxg4 12.h3 Bd7 13.Rad1 Rc8 14.Nxc6 Rxc6 15.b3 Qa5
16.Bd4 Be6 17.Bxg7 Kxg7 18.f4 f6 19.Nb5 Qb6+ 20.Kh1 Bf7 21.e5 dxe5 22.fxe5 Re6
23.exf6+ exf6 24.Nd6 Rf8 25.b4 Qc7 26.c5 b6 27.Qf2 bxc5 28.bxc5 Rb8 29.Rde1 Qe7
30.Qg3 Rxe1 31.Rxe1  1-0

[Event "Copenhagen op17"]
[Site "Copenhagen"]
[Date "1995.??.??"]
[Round "9"]
[White "Nielsen, Peter Heine"]
[Black "Jakobsen, Ole"]
[Result "1/2-1/2"]
[WhiteElo "2500"]
[BlackElo "2380"]

1.d4 Nf6 2.c4 e6 3.Nc3 d5 4.Nf3 Nbd7 5.cxd5 exd5 6.Bg5 Be7 7.e3 Nf8 8.Bd3 Ne6
9.Bh4 c6 10.O-O g6 11.b4 O-O 12.Rb1 a6 13.Qc2 Nh5 14.Bxe7 Qxe7 15.a4 Ng5
16.Nxg5 Qxg5 17.Ne2 Bh3 18.Ng3 Nxg3 19.hxg3 Be6 20.Qc5 Qd8 21.Rfc1 Kg7 22.b5 cxb5
23.axb5 b6 24.Qa3 a5 25.Rc6 h5 26.Be2 Ra7 27.Rbc1 Rd7 28.R1c3 Qb8 29.Bf3 Rfd8
30.Qc1 Ra7 31.Be2 Bd7 32.Rc7  1/2-1/2

[Event "Copenhagen BSF"]
[Site "Copenhagen"]
[Date "1995.??.??"]
[Round "11"]
[White "Nielsen, Peter Heine"]
[Black "Hoi, Carsten"]
[Result "1/2-1/2"]
[WhiteElo "2500"]
[BlackElo "2415"]

1.d4 Nf6 2.c4 e6 3.Nc3 d5 4.cxd5 Nxd5 5.Nf3 c5 6.e3 Nc6 7.Bd3 cxd4 8.exd4 Be7
9.O-O O-O 10.Re1 Bf6 11.Be4 Nce7 12.Ne5 Bd7 13.Qd3 g6 14.Bh6 Bg7 15.Bxg7 Kxg7
16.Bxd5 exd5 17.Re2 Be6 18.Rae1 Nf5 19.Nf3 Rc8 20.Qd2 h6 21.h3 Rc4 22.b3 Rc8
23.Na4 b6 24.Rc1 Rxc1+ 25.Qxc1 Qf6 26.Qd2 Rc8 27.Nc3 Nd6 28.Re5 Rd8 29.Qd3 Bf5
30.Qe3 Be4 31.Nxd5 Bxd5 32.Rxd5 Nf5 33.Qe4 Qc6 34.Re5 Qc1+ 35.Kh2 Qb2 36.Qe2 Qxe2  1/2-1/2

[Event "DEN-chT 9495"]
[Site "?"]
[Date "1995.??.??"]
[Round "5"]
[White "Jelling, Erik"]
[Black "Nielsen, Peter Heine"]
[Result "0-1"]
[WhiteElo "2420"]
[BlackElo "2475"]

1.d4 Nf6 2.c4 e6 3.Nc3 Bb4 4.e3 c5 5.Ne2 b6 6.a3 Ba5 7.Rb1 Na6 8.d5 Bb7 9.Bd2 O-O
10.Nf4 Bxc3 11.Bxc3 Ne4 12.Qc2 Nxc3 13.Qxc3 Nc7 14.Rd1 d6 15.Be2 e5 16.Nd3 b5
17.b3 a5 18.a4 bxc4 19.bxc4 Na6 20.O-O Bc8 21.f4 exf4 22.Rxf4 Nb4 23.Nf2 Bd7
24.Ra1 Qe7 25.Re4 Qg5 26.h4 Qg6 27.Rf1 Rae8 28.h5 Qg5 29.Bf3 h6 30.Re1 Rxe4
31.Nxe4 Qe7 32.Nf2 Re8 33.e4 Qe5 34.Qxe5 Rxe5 35.Bd1 Kf8 36.g4 f6 37.Kg2 Re8
38.Re3 Rb8 39.Ra3 Na6 40.Bb3 Rb6 41.Kg3 Nb8 42.Nd3 Ke7 43.Bc2 Na6 44.Rb3 Nb4
45.Rb2 Kd8 46.Bd1 Kc7 47.Nf4 Kb7 48.Bb3 Nc2 49.Nd3 Ne3 50.Kf4 Nxg4 51.Bd1 Rxb2
52.Nxb2 Ne5 53.Be2 Kc7 54.Kg3 Kd8 55.Kf2 Ke7 56.Bd1 Kf7 57.Be2 g5 58.hxg6+ Kxg6  0-1

[Event "DEN-chT9596"]
[Site "DEN"]
[Date "1995.??.??"]
[Round "1"]
[White "Jelling, Erik"]
[Black "Nielsen, Peter Heine"]
[Result "1/2-1/2"]
[WhiteElo "2415"]
[BlackElo "2500"]

1.d4 Nf6 2.c4 g6 3.Nf3 Bg7 4.g3 O-O 5.Bg2 d6 6.O-O Nbd7 7.Nc3 e5 8.e4 a6
9.h3 b5 10.cxb5 axb5 11.b4 Bb7 12.Re1 c6 13.dxe5 dxe5 14.a4 Qe7 15.Qb3 c5
16.Ba3 bxa4 17.Nxa4 Bxe4 18.Nxc5 Bd5 19.Qe3 Rfe8 20.Rad1 Nxc5 21.bxc5 Qc7  1/2-1/2

[Event "Gausdal Masters"]
[Site "Gausdal"]
[Date "1995.??.??"]
[Round "?"]
[White "Nielsen, Peter Heine"]
[Black "Bjerke, Richard"]
[Result "1/2-1/2"]
[WhiteElo "2500"]
[BlackElo "2265"]

1.Nf3 Nf6 2.c4 e6 3.Nc3 d5 4.d4 Be7 5.Bg5 O-O 6.e3 h6 7.Bh4 b6 8.Be2 Bb7
9.Bxf6 Bxf6 10.cxd5 exd5 11.b4 c5 12.bxc5 bxc5 13.Rb1 Bc6 14.O-O Nd7 15.Bb5 Qc7
16.Qd3 Rfd8 17.Rfc1 Rab8 18.g3 g6 19.Bxc6 Rxb1 20.Rxb1 Qxc6 21.Qb5 Nb8 22.Qa5 Rc8
23.Nb5 cxd4 24.Nfxd4 Bxd4 25.Nxd4 Qd7 26.Qb5 a6 27.Qxd7 Nxd7 28.Rb7 Rc1+
29.Kg2 Ne5 30.Rb6 Nd3 31.g4 Rd1 32.Nf3 Rc1 33.Rb3 Nc5 34.Ra3 Rc4 35.Nd4 Ra4
36.Rxa4 Nxa4 37.Kf1 Kf8 38.Ke1 Ke7 39.h4 Kd6 40.Kd2 Nc5 41.f3 Nd7 42.g5 hxg5
43.hxg5 Ne5 44.f4  1/2-1/2

[Event "Gausdal Masters"]
[Site "Gausdal"]
[Date "1995.??.??"]
[Round "?"]
[White "Westerinen, Heikki MJ"]
[Black "Nielsen, Peter Heine"]
[Result "0-1"]
[WhiteElo "2405"]
[BlackElo "2500"]

1.e4 e5 2.f4 exf4 3.Nf3 g5 4.h4 g4 5.Ne5 d6 6.Nxg4 Nf6 7.Nf2 Rg8 8.d4 Bh6
9.Nc3 Nc6 10.Nd5 Nxd5 11.exd5 Ne7 12.Qe2 Rg6 13.h5 Rg8 14.Ne4 Kf8 15.Nf6 Rg7
16.g4 Ng8 17.Nxg8 Rxg8 18.Bh3 Qh4+ 19.Qf2 Rxg4 20.Bd2 Rg3 21.Bg2 Qg4 22.Be4 Bf5
23.Bxf5 Re8+ 24.Kf1 Qxf5 25.Re1 Rxe1+ 26.Qxe1 Rf3+ 27.Ke2 Qg4 28.Qh4 Re3+
29.Kf1 Qe2+ 30.Kg1 Rg3+  0-1

[Event "Gausdal Masters"]
[Site "Gausdal"]
[Date "1995.??.??"]
[Round "?"]
[White "Ostenstad, Berge"]
[Black "Nielsen, Peter Heine"]
[Result "1/2-1/2"]
[WhiteElo "2485"]
[BlackElo "2500"]

1.Nf3 Nf6 2.c4 e6 3.g3 d5 4.Bg2 dxc4 5.Qc2 c6 6.Qxc4 b5 7.Qc2 Bb7 8.O-O Nbd7
9.b3 Rc8 10.Bb2 Be7 11.Nc3 O-O 12.Rac1 a6 13.Ne4 Ba8 14.Bxf6 Bxf6 15.b4  1/2-1/2

[Event "Gausdal Masters"]
[Site "Gausdal"]
[Date "1995.??.??"]
[Round "?"]
[White "Nielsen, Peter Heine"]
[Black "Ofstad, Per"]
[Result "1-0"]
[WhiteElo "2500"]
[BlackElo "2230"]

1.e4 e5 2.Nf3 Nc6 3.Bb5 a6 4.Ba4 Nf6 5.O-O Nxe4 6.d4 b5 7.Bb3 d5 8.dxe5 Be6
9.Nbd2 Nc5 10.c3 Be7 11.Bc2 O-O 12.Nb3 Bg4 13.Re1 Ne6 14.Qd3 g6 15.Qe3 Re8
16.Nfd4 Ncxd4 17.Nxd4 Nxd4 18.Qxd4 Be6 19.Bh6 Bg5 20.Bxg5 Qxg5 21.a4 c6 22.h4 Qe7
23.Qf4 b4 24.Re3 b3 25.Bd3 h5 26.Rg3 Kg7 27.Rg5 Rg8 28.Re1 Rh8 29.Re3 Rh6
30.Rf3 c5 31.Qf6+ Qxf6 32.exf6+ Kf8 33.Re3 a5 34.Ree5 Rd8 35.Bb5 Rh8 36.Kf1 Kg8
37.Bd3 Rd6 38.f4 Kh7 39.Rxh5+ Kg8 40.Rxh8+ Kxh8 41.h5 gxh5 42.Rxh5+ Kg8 43.g4 c4
44.Bh7+ Kf8 45.Bf5 Kg8 46.Bxe6 Rxe6 47.Rxd5 Re4 48.Rf5 Re3 49.Kf2 Rh3 50.Rg5+  1-0

[Event "Gausdal Masters"]
[Site "Gausdal"]
[Date "1995.??.??"]
[Round "?"]
[White "Kristensen, Bjarke"]
[Black "Nielsen, Peter Heine"]
[Result "1/2-1/2"]
[WhiteElo "2455"]
[BlackElo "2500"]

1.c4 Nf6 2.Nc3 e5 3.g3 Bb4 4.Bg2 O-O 5.a3 Bxc3 6.bxc3 Re8 7.f3 d5 8.cxd5 Nxd5
9.Nh3 c5 10.e4 Bxh3 11.Bxh3 Nf4 12.gxf4 Qh4+ 13.Ke2 Qxh3 14.Qf1 Qd7 15.f5 Nc6
16.d3 Rad8 17.Qd1 c4 18.dxc4 Qc7 19.Qa4 Na5 20.Rg1 f6 21.Rb1 b6 22.Rb4 Rc8  1/2-1/2

[Event "Gausdal Masters"]
[Site "Gausdal"]
[Date "1995.??.??"]
[Round "?"]
[White "Djurhuus, Rune"]
[Black "Nielsen, Peter Heine"]
[Result "1-0"]
[WhiteElo "2495"]
[BlackElo "2500"]

1.d4 Nf6 2.c4 e6 3.Nc3 Bb4 4.e3 O-O 5.Bd3 d5 6.cxd5 exd5 7.Ne2 Re8 8.O-O Bd6
9.f3 c5 10.Bd2 Nc6 11.Rc1 a6 12.Bb1 h6 13.Kh1 cxd4 14.exd4 Na5 15.Re1 Bf8
16.Nf4 Rxe1+ 17.Qxe1 Nc6 18.Qe3 g6 19.a3 Ne7 20.g4 Bd7 21.Re1 Bc6 22.Ne6 fxe6
23.Qxe6+ Kg7 24.Bxh6+ Kxh6 25.g5+ Kh7 26.gxf6 Ng8 27.Qf7+ Kh8 28.Re6 Nxf6
29.Rxf6 Qe8 30.Qxe8 Rxe8 31.Bxg6 Re1+ 32.Kg2 Bg7 33.Rf4 Bh6 34.Rh4 Kg7 35.Kf2 Rh1
36.Bd3 Bg5 37.Rg4 Kh6 38.Kg2 Re1 39.f4 Bd8 40.Rg6+  1-0

[Event "Kemerovo1"]
[Site "Kemerovo"]
[Date "1995.??.??"]
[Round "4"]
[White "Nielsen, Peter Heine"]
[Black "Sagalchik, Gennadij"]
[Result "1/2-1/2"]
[WhiteElo "2500"]
[BlackElo "2515"]

1.Nf3 Nf6 2.c4 e6 3.Nc3 d5 4.d4 dxc4 5.Bg5 Bb4 6.e4 c5 7.Bxc4 cxd4 8.Nxd4 Bxc3+
9.bxc3 Qa5 10.Bxf6 Qxc3+ 11.Kf1 gxf6 12.Rc1 Qa5 13.h4  1/2-1/2

[Event "Kemerovo1"]
[Site "Kemerovo"]
[Date "1995.??.??"]
[Round "5"]
[White "Nenashev, Alexander"]
[Black "Nielsen, Peter Heine"]
[Result "1/2-1/2"]
[WhiteElo "2585"]
[BlackElo "2500"]

1.d4 Nf6 2.c4 e6 3.Nc3 Bb4 4.e3 O-O 5.Ne2 d5 6.a3 Be7 7.Ng3 c5 8.dxc5 dxc4
9.Qc2 Bxc5 10.Bxc4 Nbd7 11.O-O b6 12.Rd1 Bb7 13.Nce4 Qc7 14.Nxc5 Nxc5 15.Bd2 Nce4
16.Bd3 Qxc2  1/2-1/2

[Event "Kemerovo1"]
[Site "Kemerovo"]
[Date "1995.??.??"]
[Round "10"]
[White "Ruban, Vadim"]
[Black "Nielsen, Peter Heine"]
[Result "1/2-1/2"]
[WhiteElo "2535"]
[BlackElo "2500"]

1.Nf3 c5 2.c4 g6 3.d4 cxd4 4.Nxd4 Bg7 5.e4 Nc6 6.Be3 Nf6 7.Nc3 O-O 8.Be2 d6
9.O-O Bd7 10.Qd2 Nxd4 11.Bxd4 Bc6 12.f3 a5 13.b3 Nd7 14.Be3 Qc7 15.Rac1 Rfc8
16.Nd5 Qd8 17.Rfd1 Nc5 18.Bg5 Bxd5 19.exd5 Qb6 20.Kh1 Bf6 21.Be3 Qb4 22.Rb1 Qxd2
23.Bxd2 h5 24.g3 Kg7 25.Kg2 Na6 26.Rdc1 Nc5 27.Be3 Na6 28.Bd2 Nc5 29.Kf2 Bd4+
30.Ke1 Re8 31.Rc2 h4 32.Kf1 hxg3 33.hxg3 e6 34.dxe6 Rxe6 35.Bf4 Be5  1/2-1/2

[Event "Pardubice op"]
[Site "Pardubice"]
[Date "1995.??.??"]
[Round "?"]
[White "Tratar, Marko"]
[Black "Nielsen, Peter Heine"]
[Result "1/2-1/2"]
[WhiteElo "2405"]
[BlackElo "2500"]

1.d4 Nf6 2.Nf3 g6 3.c4 Bg7 4.Nc3 d5 5.cxd5 Nxd5 6.e4 Nxc3 7.bxc3 c5 8.Rb1 O-O
9.Be2 Nc6 10.d5 Ne5 11.Nxe5 Bxe5 12.Qd2 b6 13.f4 Bg7 14.O-O e6 15.dxe6 fxe6
16.Qe3 e5 17.Bc4+ Kh8 18.Bd5 Rb8 19.c4 Qe7 20.Bb2 Bd7 21.fxe5 Bxe5 22.Qc3 Bxc3
23.Bxc3+ Qg7 24.Bxg7+ Kxg7 25.Rb3 Rxf1+ 26.Kxf1 Ba4 27.Ra3 b5 28.cxb5 Bxb5+
29.Kf2 a6 30.Ke3 Kf6 31.Rb3 Rc8 32.Bb7 Re8 33.Ra3 Rb8 34.Bd5 Rc8 35.Rb3 Ke5
36.a4 Bxa4 37.Rb6 Bd7 38.Rxa6 c4 39.Ra5 Kd6 40.Kd4 c3 41.Ra6+ Ke7 42.Ra1 c2
43.Rc1 Ba4 44.Bc4 Rd8+ 45.Bd5 Rb8  1/2-1/2

[Event "Pardubice op"]
[Site "Pardubice"]
[Date "1995.??.??"]
[Round "?"]
[White "Koc, Przemyslaw"]
[Black "Nielsen, Peter Heine"]
[Result "1/2-1/2"]
[WhiteElo "2245"]
[BlackElo "2500"]

1.e4 e5 2.Nf3 Nc6 3.d4 exd4 4.Nxd4 Nf6 5.Nxc6 bxc6 6.e5 Qe7 7.Qe2 Nd5 8.c4 Ba6
9.Nd2 Nb4 10.Nf3 c5 11.a3 Nc6 12.Bd2 d6 13.exd6 Qxe2+ 14.Bxe2 Bxd6 15.Bc3 O-O
16.O-O Rfe8 17.Rfe1 Ne5 18.Nxe5 Bxe5 19.Bxe5 Rxe5 20.Bf3 Rae8 21.Rxe5 Rxe5
22.b3 Kf8 23.Kf1 Ke7 24.Re1 Rxe1+ 25.Kxe1 Kd6 26.Bd5 f6 27.f4 g5 28.g3 gxf4
29.gxf4 Bc8 30.Be4 h6 31.Kf2 Bg4 32.Bc2 Ke6 33.Kg3 Bh5 34.Kh4 Be2 35.Kg3 a5
36.Kf2 Bh5 37.Ke3 Be8 38.Be4 Bh5 39.Bf3 Be8 40.Bg4+ Kd6 41.Bf3 Bd7 42.Be4 Bh3
43.Bd5 Ke7 44.Kf3 f5 45.Kf2 Bg4  1/2-1/2